Indian suffragettes: (Record no. 156742)

MARC details
000 -LEADER
fixed length control field 00665nam a22001937a 4500
005 - DATE AND TIME OF LATEST TRANSACTION
control field 20180831102630.0
010 ## - LCCN (DPL NO)
LC control number ENG-123940
020 ## - INTERNATIONAL STANDARD BOOK NUMBER
International Standard Book Number 9780199484218
Terms of availability 895.00
035 ## - SYSTEM CONTROL NUMBER
System control number EN-107472
037 ## - SOURCE OF ACQUISITION
Source of stock number/acquisition DBAD/PUB
082 ## - DEWEY DECIMAL CLASSIFICATION NUMBER
Classification number 324.6230954
100 ## - MAIN ENTRY--PERSONAL NAME
Personal name Mukherjee, Sumita
245 ## - TITLE STATEMENT
Title Indian suffragettes:
Statement of responsibility, etc by Sumita Mukherjee
Remainder of title female identities and transnational netwroks /
260 ## - PUBLICATION, DISTRIBUTION, ETC. (IMPRINT)
Date of publication, distribution, etc 2018
Place of publication, distribution, etc New Delhi
Name of publisher, distributor, etc Oxford University Press
270 ## - ADDRESS
Address YMCA Library Building, 1 Jai Singh Road,
City New Delhi
Postal code 110001
300 ## - PHYSICAL DESCRIPTION
Dimensions 22cm(Hb)
Extent xvi,292p.
500 ## - GENERAL NOTE
General note It include appendix, bibliography and index
942 ## - ADDED ENTRY ELEMENTS (KOHA)
Item type English Books
Source of classification or shelving scheme Dewey Decimal Classification
Call number suffix MUK
Classification part 324.6230954
Holdings
Withdrawn status Lost status Not for loan Collection code Home library Current library Date acquired Source of acquisition Cost, normal purchase price Full call number Barcode Copy number Cost, replacement price Koha item type
    Not For Loan Non-fiction D.B.Act.Division Sarojini Nagar 31/08/2018 DBAD/PUB 895.00 324.6230954 MUK EN-107472 1 895.00 English Books

© Delhi Public Library
Hit Counter
free hit counter